000 00437cam a2200169 4500
001 ##L132827
008 000000n1964 000 0 eng u
035 _a(Sirsi) u132827
041 0 _aeng
050 0 4 _a333.0062 $2 18
110 2 _aLand Agents' Society
245 0 0 _aCharter and bye-laws
260 _aLondon
_bLand Agents' Society
_c1964
300 _a55p.
_c22cm.
690 _aENVIRONMENTAL AND LAND CONSULTANCY
942 _n0
999 _c105249
_d105249